Giáo trình lý thuyết tài chính - tiền tệ
שמור ב:
| מחבר ראשי: | |
|---|---|
| פורמט: | ספר |
| שפה: | Undetermined |
| יצא לאור: |
Thống kê
2002
|
| נושאים: | |
| תגים: |
הוספת תג
אין תגיות, היה/י הראשונ/ה לתייג את הרשומה!
|
| Thư viện lưu trữ: | Trung tâm Học liệu Trường Đại học Cần Thơ |
|---|
| LEADER | 00544nam a2200181Ia 4500 | ||
|---|---|---|---|
| 001 | CTU_53645 | ||
| 008 | 210402s9999 xx 000 0 und d | ||
| 020 | |b 23500 | ||
| 082 | |a 332.4 | ||
| 082 | |b T103 | ||
| 100 | |a Nguyễn Hữu Tài | ||
| 245 | 0 | |a Giáo trình lý thuyết tài chính - tiền tệ | |
| 245 | 0 | |c Nguyễn Hữu Tài (Ch.b.)...[et al.] | |
| 260 | |b Thống kê | ||
| 260 | |c 2002 | ||
| 650 | |a budget,finance,money | ||
| 904 | |i TUYẾN | ||
| 980 | |a Trung tâm Học liệu Trường Đại học Cần Thơ | ||